| 000 | 00512nam a22001817a 4500 | ||
|---|---|---|---|
| 005 | 20250310090622.0 | ||
| 008 | 250310b |||||||| |||| 00| 0 eng d | ||
| 020 | _a0471214736 | ||
| 050 |
_aHD58 _b.95 TOR |
||
| 100 | _aTorok, M Robert | ||
| 245 |
_aOperational profitability; _bsystematic approaches for continuous improvement |
||
| 250 | _a2nd | ||
| 260 |
_aNew York _bJohn Wiley and Sons,Inc _cc2002 |
||
| 300 | _axvi, 311p | ||
| 500 | _aincludes index | ||
| 700 | _aCordon J. Patrick | ||
| 942 |
_2lcc _cBK _n0 |
||
| 999 |
_c4626 _d4626 |
||